02368cpcaa2200409 a 4500001001300000003000400013005001700017008004100034010005900075040002400134072001200158100003700170245006900207300001400276506002200290520081700312545001501129546003601144580005701180600005201237600004601289600002201335600003101357600007501388610002601463610007401489610003301563610003501596610002301631610003501654651004401689651005001733651006101783651007301844656002401917999001701941mm 98006400 DLC20260227111727.0980722|||||||||||| eng  amm 98006400 zmm 98006401 zmm 98006402 zmm 98006403  aDLCedacscDLCdDLC 7aW2lcmd1 aJohanson, Anders G.,ecollector.10aAnders G. Johanson collection of Civil War material,f1861-1864. a4fitems.0 aOpen to research.8 aGeneral order (1861 November 28; U.S.S. Savannah, near Tybee Island, Ga.) from John S. Missroon, senior officer, concerning the hoisting and lowering of the U.S. flag on the island; petition (1862 January 2) from fifteen seamen aboard the U.S.S. Augusta, South Atlantic Blockading Squadron, addressed to Lieut. Henry L. Howison, executive officer, requesting that he lead an expedition to capture and destroy Confederate schooners operating along the southeastern coast; ALS (1862 August 2; Newport, R.I.) from Samuel Blatchford to Clarence A. Seward relating chiefly to the progress of the Civil War; and order (1864 August 14; New Orleans, La.) of Maj. Gen. Edward Richard Sprigg Canby concerning delivery of Confederate prisoners of war on board the U.S.S. Bienville and U.S.S. Tennessee, side-wheel steamers.0 aCollector. aCollection material in English. aForms part of: Miscellaneous Manuscripts collection.10aBlatchford, Samuel,d1820-1893vCorrespondence.10aCanby, Edward Richard Sprigg,d1817-1873.10aHowison, Henry L.10aMissroon, John S.,d-1865.10aSeward, Clarence A.q(Clarence Armstrong),d1828-1897vCorrespondence.10aUnited States.bNavy.10aUnited States.bNavy.bSouth Atlantic Blockading Squadron (1861-1865)20aAugusta (Side-wheel steamer)20aBienville (Side-wheel steamer)20aSavannah (Frigate)20aTennessee (Side-wheel steamer) 0aGeorgiaxHistoryyCivil War, 1861-1865. 0aUnited StatesxHistoryyCivil War, 1861-1865. 0aUnited StatesxHistoryyCivil War, 1861-1865xBlockades. 0aUnited StatesxHistoryyCivil War, 1861-1865xPrisoners and prisons. 7aCollectors.2itoamc c44471d44471